| 000 | nam a22 7a 4500 | ||
|---|---|---|---|
| 999 |
_c49197 _d49197 |
||
| 003 | OSt | ||
| 005 | 20191005161811.0 | ||
| 008 | 191005b xxu||||| |||| 00| 0 eng d | ||
| 040 |
_cSEROSOFT _dIIMT UNIVERSITY, MEERUT |
||
| 050 | _a517.259 MEH | ||
| 082 |
_26TH _a517.259 MEH |
||
| 100 | _aMEHTA R M | ||
| 245 |
_aPHARMACEUTICS - I _cAUTHOR _hENGLISH |
||
| 250 | _a6TH | ||
| 260 |
_aDELHI _bVALLABH _c2018 |
||
| 300 |
_a336 P P _bPAPERBACK |
||
| 760 | _b6TH EDITION | ||
| 856 |
_3PAPERBACK _uTITLE _zPHARMACEUTICS |
||
| 887 | _2TITLE | ||
| 942 |
_2ddc _c02 _e6TH _hTITLE _iBOOK _k517.656 MEH _m517.656 MEH |
||